| 000 | 01001nam a22002895a 4500 | ||
|---|---|---|---|
| 003 | OSt | ||
| 005 | 20170821142500.0 | ||
| 008 | 170801s2016 ua a gr 000 0 ara d | ||
| 017 | _a2016 / 1743 | ||
| 020 | _a9789770817070 | ||
| 040 |
_aEG-ScBUE _bara _cEG-ScBUE |
||
| 043 | _af-ua--- | ||
| 082 | 0 | 4 |
_222 _a079.62 _bع ط ي |
| 100 | 1 |
_aعطية، محمود. _921624 |
|
| 245 | 1 | 0 |
_aقراءة من ملفات منسية : _bمن ذاكرة نقابة الصحفيين / _cمحمود عطية. |
| 260 |
_a[ القاهرة ] : _bأخبار اليوم، _c2016. |
||
| 300 |
_a143 ص. : _bإيض. ؛ _c24 سم. |
||
| 490 | 0 | _aنبض وطن. | |
| 500 | _aنقابة الصحفيين : اليوبيل الماسي (2016/1941). | ||
| 541 | _aإهداء من د. محمد شومان. | ||
| 590 | _aدعاء | ||
| 610 | 2 | 7 |
_2BUEsh _a نقابة الصحفيين (مصر) _xتاريخ. |
| 650 | 7 |
_2BUEsh _aالصحافة _915109 _zمصر. |
|
| 651 | _2BUEsh | ||
| 653 |
_bGGEN _cJuly2017 |
||
| 942 | _2ddc | ||
| 999 |
_c25092 _d25064 |
||